Statistiques concernant Pays les plus proches de la RD Congo avec une carte vide

Cliquez ici pour prendre le quiz!

Statistiques générales

  • Ce quiz a été pris 122 fois
  • Le résultat moyen est 13 sur 20

Réponses sur la Carte

Les réponses sont colorées sur une échelle allant du rouge au vert en fonction du pourcentage des utilisateurs qui les ont devinées à leur premier essai. Vous pouvez retrouver ces pourcentages ci-dessous.
 

Statistiques - réponses

pays% Correct
Congo
90%
Angola
88%
République
Centrafricaine
86%
Rwanda
82%
Tanzanie
81%
Gabon
77%
Ouganda
76%
Zambie
76%
Burundi
70%
Soudan
70%
Kenya
64%
Cameroun
60%
Soudan du Sud
60%
Zimbabwe
54%
Malawi
52%
Mozambique
52%
Namibie
48%
Botswana
45%
Éthiopie
40%
Tchad
38%

Distribution des résultats

Percentile par nombre de réponses

% des personnes avec chaque résultat

Votre développement - résultats

Vous n’avez pas pris ce quiz